Online
Catalog

índice analítico de materiales para el estudio de la toponimia Hispanoárabe : (Record no. 40993)

MARC details
000 -CABECERA
campo de control de longitud fija 00727nam a2200193 a 4500
001 - NÚMERO DE CONTROL
campo de control 000041503
005 - FECHA Y HORA DE LA ÚLTIMA TRANSACCIÓN
campo de control 20201002034940.0
008 - DATOS DE LONGITUD FIJA--INFORMACIÓN GENERAL
campo de control de longitud fija 131009s1990 sp 000 0 spa d
020 ## - NÚMERO INTERNACIONAL ESTÁNDAR DEL LIBRO
Número Internacional Estándar del Libro 840007047X
040 ## - FUENTE DE LA CATALOGACIÓN
Centro catalogador/agencia de origen DO-SdBNP
Lengua de catalogación spa
Centro/agencia transcriptor BNPHU
041 17 - CÓDIGO DE LENGUA
Código de lengua del texto/banda sonora o título independiente spa
Código de lengua del sumario o resumen ar.
100 1# - ENTRADA PRINCIPAL--NOMBRE DE PERSONA
Nombre de persona Zanón, Jesús
9 (RLIN) 68207
245 10 - MENCIÓN DE TÍTULO
Título índice analítico de materiales para el estudio de la toponimia Hispanoárabe :
Resto del título nomina fluvial de Elías Terés /
Mención de responsabilidad, etc. Jesús Zanón.
260 ## - PUBLICACIÓN, DISTRIBUCIÓN, ETC.
Lugar de publicación, distribución, etc. Granada :
Nombre del editor, distribuidor, etc. Consejo Superior de Investigaciones Científicas.,
Fecha de publicación, distribución, etc. 1990.
300 ## - DESCRIPCIÓN FÍSICA
Extensión 165 p. ;
Dimensiones 25 cm.
546 ## - NOTA DE LENGUA/LENGUAJE
Nota de lengua/lenguaje Textos en español y árabe
700 1# - PUNTO DE ACCESO ADICIONAL--NOMBRE DE PERSONA
Nombre de persona Terés Sádaba, Elías,
Fechas asociadas al nombre 1915-1983.
9 (RLIN) 68208
710 2# - PUNTO DE ACCESO ADICIONAL--NOMBRE DE ENTIDAD CORPORATIVA
Nombre de entidad corporativa o nombre de jurisdicción como elemento de entrada Consejo Superior de Investigaciones Científicas.
9 (RLIN) 4786
Holdings
Estado de retiro Estado de pérdida Restricciones de uso No para préstamo Código de colección Localización permanente Ubicación/localización actual Ubicación en estantería Fecha de adquisición Número de inventario Total de préstamos Signatura topográfica completa Código de barras Fecha visto por última vez Precio válido a partir de Tipo de ítem Koha
      Excluido de préstamo Monografías: Libros y Folletos General General En catalogación 09.10.2013 LF1   41503-10 25.06.2020 25.06.2020 No se presta

Powered by Koha